Television Shows Without a Character's Face Quiz Stats

 Plays Quiz Updated Dec 8, 2015

Challenge
Share
Tweet
Score 0/20 Timer 06:00
1 Play Today
% Correct
The Simpsons
93.9%
The Big Bang Theory
91.8%
Jeopardy!
90.1%
24
89.3%
The Price is Right
85.5%
Full House
83.8%
The Office (U.S.)
83.6%
Friends
82.6%
Parks and Recreation
74%
The Walking Dead
74%
% Correct
Bob's Burgers
64.3%
Game of Thrones
50.6%
Marvel's Agents of S.H.I.E.L.D.
46.3%
Lost
43.4%
Breaking Bad
37.3%
Community
34.5%
How I Met Your Mother
32.1%
Modern Family
31.3%
Arrested Development
29.8%
The Wire
29.6%

You're not logged in!

Compare scores with friends on all Sporcle quizzes.
Join for Free
OR
Log In

You Might Also Like...

Show Comments

Extras

Top Quizzes Today


Score Distribution

Your Account Isn't Verified!

In order to create a playlist on Sporcle, you need to verify the email address you used during registration. Go to your Sporcle Settings to finish the process.

Report this User

Report this user for behavior that violates our Community Guidelines.

Details: